| 000 | 01573aam a2200265 a 4500 | ||
|---|---|---|---|
| 003 | BLK | ||
| 005 | 20250725111333.0 | ||
| 008 | 181012b bu ||||| |||| 00| 0 bu d | ||
| 020 | _a978-619-199-209-6 | ||
| 020 | _a3800083820758 | ||
| 040 | _aBLK | ||
| 041 |
_aBUL _cBUL |
||
| 080 |
_aХронология. Календар. Определяне на времето - Денонощие, средно и истинско слънчево)време, различни видове години, месеци, седмици, вечен календар, християнски календари, астрономическо време _b529 _x:087.5 _z529:087.5 |
||
| 100 |
_aПрус, Даниела _91299 |
||
| 245 |
_aДнес, утре, сега, веднага... _bЕнциклопедия за най-малките : С повдигащи се капачета на всяка страница _cДаниела Прус; ил. Сузане Счесний; прев. Розалина Палазова |
||
| 260 |
_bФют _c2023 _aСофия |
||
| 300 |
_a16 с. _bс цв. ил. _c20 см |
||
| 380 | _aDN | ||
| 490 |
_9208015 _aПоредица Защо? Какво? Как? _v22 |
||
| 653 | 7 |
_9184826 _aдетска литература |
|
| 700 | 1 |
_aПалазова, Розалина Борилова _gЖурналист. Преводач от немски език. _9105705 |
|
| 942 |
_cKNG _2udc _n0 _097 _s1 |
||
| 944 |
_cНора Радева _k30531 _lЦветелина Шанова |
||
| 999 |
_c495555 _d495555 |
||